00473nam a2200169Ia 4500008004100000020001400041040001900055041001200074082002600086100001800112245005900130260002800189300002300217650001400240651002900254850002000283131103s9999 xx 000 0 und d a710084102 aLoreto College aEnglish a371.9/BRObLCBED/8478 aBrown, Roy I. aPsychology and education of slow learnerscRoy I.Brown aLondonbRoutledgec1976 axii,120p. c 18cm. aEducation aPsychology and education aLCBED/371.9/BRO